000 00944nam a2200205 i 4500
001 160420
003 ES-MaACL
005 20250907063122.0
008 010814s1891 sp |||| |dspa d
080 _a913(64)
100 1 _aMuro, Ángel,
_d1839-1897
_9149854
245 1 0 _aOcho días en Tánger
_b: impresiones de un viaje agradable y corto de cuatro buenos amigos, sin equipaje /
_cpor Ángel Muro.
260 _aMadrid :
_b[s.n.],
_c1891 (
_fTipografía de los Huérfanos)
300 _a63 p. ;
_c18 cm.
530 _aDisponible también en sitio web.
651 4 _aTánger-
_xDescripción.
_9147872
852 _aES-MaACL
_jT-643-F-11
_z-- Enc. hol., conservando la cub. original
_z-- An. ms.: ded. del autor a Escobar y Laredo
_z-- Enc. en un vol. facticio
856 _uhttp://bibliotecadigitalhispanica.bne.es:80/webclient/DeliveryManager?pid=1837735&custom_att_2=simple_viewer
_zIr a la página
999 _c160420
_d160420